000 00884nam a2200241Ia 4500
003 OSt
005 20220923213058.0
006 a|||||r|||| 00| 0
007 ta
008 220922b |||||||| |||| 00| 0 hin d
024 _a158,783
037 _cTextual
040 _aARTS
_cARTS
_bhin
041 _2hin
_ahin
082 _aO152,1:g, J8
100 _aश्रीवास्तव, स्नेहलता
245 0 _aहिन्दी मे भ्रमरगीत काव्य और उसकी परम्परा
246 _aHindī me bhramaragīt kāvya aur usakī paramparā
260 _aअलीगढ
_b भारत प्रकाशन
_c1958
650 _aहिन्दी साहित्य
_9156264
942 _hO152,1:g, J8
_cTEXL
_2CC
999 _c313530
_d313530